| 000 | 00423nam a22001697a 4500 | ||
|---|---|---|---|
| 008 | b xxu||||| |||| 00| | tur | | ||
| 020 | _a9786054069538 | ||
| 041 | _atur | ||
| 050 | _aPL248.T88 | ||
| 100 |
_91310 _aVedat Türkali |
||
| 245 | _aYalancı Tanıklar Kahvesi | ||
| 250 | _a1. Baskı | ||
| 260 |
_aİstanbul _bTurkuvaz Kitap _cMart 2009 |
||
| 300 | _a407 Sayfa | ||
| 650 | 0 |
_9145 _aTürk Edebiyatı |
|
| 942 |
_2lcc _cBK |
||
| 999 |
_c2544 _d2501 |
||